• 首页
  • 本馆介绍
  • 公告通知
  • 最新文献
  • 馆藏检索
  • 电子资源
  • 读者导购
  • 参考咨询
  • 我的图书馆
  • 登录
  • 详细信息显示
  • 放入我的书架
  • 预约/预借图书
  • 作者相关作品
  • 分类相关作品
  • 丛书相关作品
  • 出版社相关作品

书目信息

  • 表格格式
  • 工作单格式
  • 卡片格式
题名:
测量控制网的最优设计方法
    
 
作者: 塔穆季斯 著 ;沈鸣岐 译
分册:  
出版信息: 北京   测绘出版社  1982
页数: 159页
开本: 19cm
丛书名:
单 册:
中图分类: P221
科图分类:
主题词: 测量控制网--设计 , 大地测量学
电子资源:
ISBN:
000 00695nam0 2200253 45 980
001 0659593514
005 20060727163417.29
010    @dCNY0.80
091    @a15039.新227
100    @a19980529d1982 kemy0chiy0121 ea
101 1  @achi@crus
102    @aCN@b110000
105    @ay 000yy
106    @ar
200 10 @a测量控制网的最优设计方法@Ace liang kong zhi wang de zui you she ji fang fa@f塔穆季斯著@g沈鸣岐译
210    @a北京@c测绘出版社@d1982
215    @a159页@d19cm
606    @a测量控制网@x设计
606 0  @a大地测量学
690    @aP221@v3
701  1 @a塔穆季斯@4著@Ata mu ji si
702  0 @a沈鸣岐@4译@Ashen ming qi
801 0  @c20060727
905    @a10447@dP221@e111
    
    测量控制网的最优设计方法/塔穆季斯著/沈鸣岐译 .-北京:测绘出版社,1982
    159页;19cm
    
    
    ISBN :CNY0.80
    
●
相关链接 在E读中查询图书 在五车中查询图书 在当当中查询图书 在豆瓣中查询图书


正题名:测量控制网的最优设计方法     索取号:P221/111         预约/预借

序号 登录号 条形码 馆藏地/架位号 状态 备注
1 0438833   204388331   密集书库/ [索取号:P221/111] 在馆    
2 0438834   204388340   密集书库/ [索取号:P221/111] 在馆    
唐山师范学院图书馆 欢迎您!
大连网信软件有限公司© 版权所有